000 00580nam a2200229 a 4500
001 nice12345678
003 IN_TiNIC
005 20260116015402.0
008 150305s2010 dela grp 000 0 eng
020 _a9788184651041
_c165
082 0 0 _a231.3
_bJEO
100 _aJeong, Sung
245 _aFullness of the Holy Spirit
_b Introducince Christian Spirituality
260 _aDelhi
_bISPCK
_c2010
300 _a150
500 _aincludes index and biblioraphy
650 _aHoly Spirit
700 1 _aJeong, Sung
902 _bSRS
942 _cBK
999 _c19485
_d19485